[Event "3rd Kolkata GM Open 2018"]
[Site "Kolkata"]
[Date "2018.05.21"]
[Round "8"]
[White "Rahman, Ziaur"]
[Black "Sangma, Rahul"]
[Result "1/2-1/2"]
[WhiteElo "2495"]
[BlackElo "2295"]
[Annotator "TA"]
[PlyCount "73"]
[EventDate "2018.??.??"]
[EventType "swiss"]
[EventCountry "IND"]
[SourceTitle "playchess.com"]
[Source "ChessBase"]
[SourceQuality "1"]

{[%evp 15,73,-16,57,0,41,12,79,81,119,119,121,106,116,122,127,97,94,95,99,85,102,24,37,25,45,21,22,-6,-10,-11,0,0,0,0,0,0,0,0,0,0,0,0,0,0,6,6,6,0,0,0,0,0,6,0,0,0,0,0,0,0]} 1. d4 d5 2. Nf3 Nf6 3. Bf4 c5 4. e3 Nc6 5. Nbd2 (5. c3 e6 6. Nbd2 Bd6 7. dxc5 Bxc5 8. Bd3 h6 9. Qe2 Nh5 10. Bg3 Nxg3 11. hxg3 Bd7 12. e4 dxe4 13. Nxe4 Be7 14. g4 Qc7 15. g5 O-O-O 16. gxh6 gxh6 {½-½ (101) Mamedyarov,S (2809)-Nakamura,H (2787) Moscow 2018}) 5... Qb6 6. dxc5 {D02: 1 d4 d5 2 Nf3 sidelines, including 2...Nf6 3 g3 and 2...Nf6 3 Bf4} Qxb2 7. Rb1 Qc3 8. Bb5 Qxc5 {LiveBook: 4 Games} (8... e6 $11) 9. c4 ({Better is} 9. O-O $14) 9... a6 (9... dxc4 {is interesting.} 10. Bxc4 e6 11. O-O Be7 12. Rb5 Qa3) 10. Bxc6+ bxc6 (10... Qxc6 $11 11. O-O Bg4) 11. O-O $16 e6 12. Qa4 Be7 $146 {[#]} ({Predecessor:} 12... Bd7) 13. cxd5 $1 exd5 14. Rfc1 Qa7 15. Ne5 O-O 16. Nxc6 Qd7 17. Bg5 h6 18. Nxe7+ (18. Bh4 $16) 18... Qxe7 $11 19. Qc6 Be6 20. Bxf6 Qxf6 {The position is equal.} 21. Qb6 d4 22. exd4 Rfd8 23. Nf3 Bxa2 24. Qxf6 gxf6 25. Ra1 Bd5 26. Nd2 Be6 27. Ra4 Bd7 28. Ra5 Bb5 29. Nb3 Rac8 30. Rxc8 Rxc8 {[%mdl 4096] Endgame KRB-KRN} 31. f3 Rd8 32. Kf2 Bc4 33. Nd2 Rxd4 34. Ne4 Bb5 35. Nxf6+ Kg7 36. Ne4 Ra4 37. Rxa4 {Precision: White = 54%, Black = 62%.} 1/2-1/2

[Event "3rd Kolkata GM Open 2018"]
[Site "Kolkata"]
[Date "2018.05.21"]
[Round "8"]
[White "Erigaisi Arjun"]
[Black "Lalith Babu M R"]
[Result "1-0"]
[WhiteElo "2488"]
[BlackElo "2531"]
[Annotator "TA"]
[PlyCount "45"]
[EventDate "2018.??.??"]
[EventType "swiss"]
[EventCountry "IND"]
[SourceTitle "playchess.com"]
[Source "ChessBase"]
[SourceQuality "1"]

{[%evp 10,45,56,59,88,38,31,33,47,62,64,11,39,39,44,39,39,44,43,32,120,87,75,85,89,12,49,56,46,39,167,161,561,516,573,317,542,362]} 1. d4 {[%cal Bd2d4,Bd4d5][%mdl 32]} Nf6 2. Bg5 c5 3. d5 Qb6 4. Nc3 h6 (4... Qxb2 5. Bd2 Qb6 6. e4 d6 7. f4 e5 8. Nf3 Nbd7 9. Rb1 Qd8 10. Bc4 a6 11. fxe5 Nxe5 12. Nxe5 dxe5 13. a4 Bd6 14. O-O h6 15. Qf3 Rb8 {½-½ (60) Rapport,R (2707)-Bu,X (2730) Riadh 2017}) 5. Bd2 d6 6. e4 {LiveBook: 3 Partien. A45: Damenbauernspiele (Trompowski-Angriff)} e5 7. dxe6 $146 ({Vorgänger:} 7. f4 exf4 8. Nf3 Bg4 9. Bxf4 Nbd7 10. Qd2 g5 11. Bg3 Nh5 12. Bf2 Bg7 13. Bb5 Nf4 14. Be3 O-O-O 15. Bxd7+ Bxd7 16. O-O Qxb2 17. Bxf4 Bxc3 18. Qd3 Bb5 {0-1 (18) Cordes,H (2291)-Schlamp,R (2292) Germany 1999}) 7... Bxe6 8. Nge2 {Weiß steht etwas besser.} Nc6 9. Nf4 O-O-O 10. Bd3 ({Viel schwächer wäre} 10. Nxe6 fxe6 11. Be2 d5 $11) ({Lieber} 10. a4 $14) 10... g5 11. Nfd5 Bxd5 $1 12. Nxd5 Nxd5 13. exd5 Re8+ 14. Be3 $1 Ne7 (14... Ne5 $14) 15. Qf3 $36 {[%mdl 2048] Schwarz muss aufpassen.} Bg7 16. O-O Rhf8 17. h4 (17. Rab1 $16) 17... f5 18. hxg5 hxg5 19. Bxg5 Qxb2 (19... Kb8 $14) 20. Rab1 $18 Qc3 $2 {[#]} (20... Qxa2 {leistet mehr Widerstand.} 21. Bb5 Qxd5) 21. Rb3 Qe5 22. Bb5 f4 $2 (22... Rh8 23. Bf4 Qxd5 24. Bxe8 Rxe8 25. Bxd6 Qxd6) 23. Qh3+ {Precision: Weiß = 53%, Schwarz = 13%.} 1-0

[Event "3rd Kolkata GM Open 2018"]
[Site "Kolkata"]
[Date "2018.05.21"]
[Round "8"]
[White "Iniyan, P."]
[Black "Rajdeep Sarkar"]
[Result "1-0"]
[WhiteElo "2469"]
[BlackElo "2355"]
[Annotator "TA"]
[PlyCount "95"]
[EventDate "2018.??.??"]
[EventType "swiss"]
[EventCountry "IND"]
[SourceTitle "playchess.com"]
[Source "ChessBase"]
[SourceQuality "1"]

{[%evp 11,95,36,43,41,41,45,75,66,106,106,119,110,125,95,86,73,83,57,166,89,101,92,102,63,117,28,200,179,180,168,163,158,154,93,88,66,191,58,58,50,58,59,58,55,58,54,58,60,39,39,41,40,74,73,88,88,98,85,151,90,169,135,141,139,149,135,309,292,747,735,5106,5106,4810,4798,29979,29981,29983,29984,29988,29986,29986,29987,29990,29991,29996,29997]} 1. d4 e6 2. c4 b6 3. a3 Bb7 4. Nc3 Nf6 5. d5 d6 (5... Qe7 6. Bg5 h6 7. Bh4 d6 8. e3 Nbd7 9. Rc1 c5 10. Nb5 Ne5 11. Bxf6 gxf6 12. Qa4 Kd8 13. Nc3 {0-1 (50) Karpov,A (2623)-Hou,Y (2654) Harbin 2018}) 6. e4 {A50: Queen's Fianchetto Defence (1 d4 Nf6 2 c4 b6)} Nbd7 {LiveBook: 3 Games} 7. Be3 g6 $146 ({Predecessor:} 7... e5 8. b4 Be7 9. Bd3 c5 10. dxc6 Bxc6 11. f3 O-O 12. Nge2 a5 13. O-O axb4 14. axb4 {1-0 (55) Drazic,S (2436)-Yordanov,L (2246) Novi Sad 2017}) 8. f3 {White is slightly better.} h5 9. Qd2 h4 10. Nh3 Nh5 11. Be2 a6 12. O-O-O Bg7 13. Kb1 Qe7 14. Rhe1 Kf8 (14... O-O-O $14) 15. Rg1 (15. dxe6 $18 fxe6 16. Ng5) 15... Kg8 16. dxe6 fxe6 17. Bg5 Bf6 (17... Qf7 $14) 18. f4 (18. g4 $16 hxg3 19. Bxf6 Qxf6 20. hxg3) 18... Bxg5 $2 (18... Bxc3 $1 $11 {and Black stays safe.} 19. Qxc3 (19. Bxe7 Bxd2 20. Rxd2 Re8 $15) 19... Bxe4+ 20. Ka2 Qf7) 19. Nxg5 $18 (19. fxg5 Ne5 $11) 19... Nhf6 {[%cal Bh5f6,Bf6g4,Bg4f2][%mdl 32]} 20. e5 dxe5 21. Qd3 Rh6 22. fxe5 ({Better is} 22. Qe3) 22... Nxe5 $16 23. Qe3 Neg4 (23... Nfg4 $14 24. Bxg4 Nxg4 25. Qxe6+ Qxe6 26. Nxe6 Ne3) 24. Bxg4 (24. Qxe6+ $6 Qxe6 25. Nxe6 Rh7 $16) ({White should play} 24. Qc1 $18) 24... Nxg4 $14 25. Qf4 Nf2 $1 {[%cal Rf2d1]} 26. Rdf1 (26. Qxf2 Qxg5 27. Rd7 Qf5+ 28. Qxf5 exf5 $11) 26... Rf8 $1 {[%cal Rf8f4]} 27. Qe3 $1 Rh5 $1 28. Qxe6+ Qxe6 29. Nxe6 Rff5 30. Nxc7 Ne4 31. Kc2 Rxf1 32. Rxf1 Nxc3 33. Kxc3 {aiming for Rf6.} Bxg2 {[%mdl 4096] Endgame KRB-KRN} 34. Rf6 Be4 (34... g5 $142) 35. Kd4 (35. Rxb6 $142 Rg5 36. Rb8+ (36. Rxa6 Rg2 $16) 36... Kh7 37. Re8 (37. Nxa6 Rg2 $16)) 35... Bb1 (35... Bf5 $16) 36. Rxb6 {Hoping for c5.} Rg5 37. Nd5 Rg2 38. h3 ({Resist} 38. Rxa6 $6 Rxh2 39. b4 h3 $11) 38... Rg3 $2 {[#]} (38... Kg7 $16 {is a better defense.} 39. Nf4 Rg3) 39. c5 $1 $18 {[%cal Rc5c6]} ({Don't take} 39. Rxa6 $6 Rxh3 40. c5 Rd3+ 41. Ke5 Rd2 $18) 39... Rxh3 $2 (39... Kg7 40. c6 Bf5) 40. c6 {And now c7 would win.} Kg7 41. c7 Bf5 {[#]} 42. Rxg6+ $1 {[%mdl 512]} Bxg6 43. c8=Q {White mates.} Rd3+ 44. Ke5 h3 45. Qc7+ Bf7 46. Ne7 h2 47. Nf5+ Kf8 48. Kf6 {Precision: White = 43%, Black = 33%.} 1-0

[Event "3rd Kolkata GM Open 2018"]
[Site "Kolkata"]
[Date "2018.05.21"]
[Round "8"]
[White "Nguyen, Van Huy"]
[Black "Sahoo, Utkal Ranjan"]
[Result "1/2-1/2"]
[WhiteElo "2462"]
[BlackElo "2281"]
[Annotator "TA"]
[PlyCount "199"]
[EventDate "2018.??.??"]
[EventType "swiss"]
[EventCountry "IND"]
[SourceTitle "playchess.com"]
[Source "ChessBase"]
[SourceQuality "1"]

{[%evp 31,199,27,19,19,19,18,95,48,54,2,91,91,91,91,91,91,91,91,91,91,91,91,91,91,91,91,95,87,93,85,93,85,85,0,85,78,93,64,64,64,95,85,93,91,96,93,93,93,93,91,95,95,110,110,144,151,162,126,140,118,135,93,110,110,110,110,110,110,110,93,110,95,95,95,106,102,103,102,102,108,154,110,110,110,222,222,222,222,222,222,222,222,222,93,95,0,221,222,285,222,228,37,93,93,107,118,285,95,146,96,107,98,148,124,125,93,93,0,114,107,119,93,93,93,93,54,54,54,55,55,75,54,60,52,64,54,75,53,86,54,75,58,58,58,66,58,62,8,8,8,11,8,8,8,8,8,12,8,12,9,43,46,46,47,50,50,54,46,29988,732]} 1. d4 Nf6 2. c4 e6 3. Nf3 d5 4. g3 Bb4+ 5. Bd2 Be7 6. Bg2 O-O 7. O-O c6 8. Qc2 Nbd7 9. Rd1 b6 10. b3 Ba6 11. a4 Rc8 12. a5 {E15: Queen's Indian: 4 g3 sidelines, 4 g3 Ba6 and 4 g3 Bb7 early deviations} c5 13. axb6 Qxb6 14. Qa2 Bb7 15. Ba5 Qa6 16. Qb2 dxc4 {LiveBook: 3 Games} 17. bxc4 Bxf3 18. Bxf3 {[#]} Qxc4 $146 (18... cxd4 $11 {remains equal.} 19. Bd8 Qd6 20. Bxe7 (20. Rxd4 Qb4 $11) 20... Qxe7) ({Predecessor:} 18... cxd4 19. Bd8 Qd6 20. Bxe7 Qxe7 21. Rxa7 {1-0 (38) Wang,Y (2718)-Wang,H (2717) Huaian 2016}) 19. Nd2 Qxd4 20. Qb7 (20. Bc3 $14 Qd6 21. Rxa7) 20... c4 (20... Rb8 $1 $11 {keeps the balance.} 21. Qxa7 Bd8) 21. Ne4 $16 Qe5 22. Nxf6+ Bxf6 23. Qxd7 c3 {aiming for ...c2.} 24. Rdc1 c2 25. Ra2 $1 ({Inferior is} 25. Qxa7 Qxa1 26. Rxa1 Bxa1 $17) 25... Bg5 26. e3 Bxe3 27. Rcxc2 Rxc2 28. Rxc2 Bxf2+ 29. Rxf2 Qxa5 30. Kg2 g6 31. Bg4 {Hoping for Bxe6!} Qb4 32. Bf3 (32. Bd1 $16) 32... a5 (32... Qa5 $1 $11) 33. Qa7 a4 34. Ra2 Rd8 35. Qxa4 Qc3 36. Qc2 Qe3 37. Qf2 Qc3 38. h4 h5 39. Rc2 Qe5 40. Qe2 Qa5 41. Qe3 Kg7 42. Rf2 Rd7 43. Bc6 Rc7 44. Qd4+ Kh7 45. Qd8 Qe5 46. Bf3 Ra7 47. Qf8 Qg7 48. Qc5 Qa1 49. Qc4 Qe5 50. Re2 Qf6 51. Qb3 Rc7 52. Rf2 {Black must now prevent Bxh5!} Qe5 53. Qb8 {Bxh5! is the strong threat.} Kg7 54. Bc6 Qd6 55. Qb2+ Kh7 56. Be4 Ra7 57. Qf6 Qe7 (57... Rd7 $16 58. Bc2 Qc6+ 59. Kg1 Qd6) 58. Qe5 $1 $18 Kg8 59. Rb2 {And now Rb8+ would win.} Rd7 60. Bc6 $1 {[%cal Rc6d7]} Rd8 61. Rb7 $1 {[%cal Rb7e7]} Qf8 62. Bd7 (62. Qf4 $1 $18 {is more deadly.}) 62... Qe7 $16 63. Bc6 (63. Qc7 $16) 63... Qf8 $1 $18 {[#]} 64. Qf4 $1 Qg7 65. Bd7 Qc3 {[#] Strongly threatening ...Rxd7!} 66. Rc7 $2 (66. Be8 $1 $18 {[%mdl 512]} Qc2+ (66... Rxe8 67. Qxf7+) 67. Kh3 Qf5+ 68. Qxf5 exf5 69. Bxf7+ Kg7 70. Bc4+ Kf6 71. Rb6+ Kg7 72. Kg2) 66... Qb2+ (66... e5 $1 $14 67. Rxc3 exf4) 67. Kh3 $16 {White threatens Bxe6! and mate.} Qa1 {[%cal Ra1h1]} 68. Bc6 Qg7 $2 (68... Rf8 $16 69. Qf3 Qe5) 69. Qg5 $2 (69. Re7 $18 {Threatens to win with Be8.} Qf8 70. Qf6) 69... Rf8 ({Black should try} 69... Qd4 70. Be4 Rf8) 70. Be4 Qa1 71. Qf4 Qg7 72. Bg2 Qa1 73. Bf1 Kg7 74. Bg2 Kg8 $1 75. Rc5 Kg7 76. Qf3 Qf6 77. Qe2 (77. Qe3 {seems wilder.} Rb8 78. Rc4 Rb5 79. Rf4 Rf5 80. Rxf5 Qxf5+ 81. Kh2) 77... Rb8 78. Qe5 (78. Be4 {is interesting.} Qd4 79. Rc7 Rb3 80. Bf3 Qf6 81. Kg2) 78... Qxe5 79. Rxe5 $14 {[%mdl 4096] Endgame KRB-KR} Rb2 80. Ra5 Rf2 81. Kh2 Rb2 82. Ra3 Rc2 83. Kg1 Rb2 84. Bf3 Kf6 85. Re3 Ra2 86. Be2 Rb2 87. Kf2 Rb4 88. Rf3+ Kg7 89. Ke3 (89. Rc3 $14) 89... Rb3+ $11 90. Bd3 {Threatening Kd4.} f5 91. Kd4 Kf6 92. Kc4 Ra3 93. Kb4 Ra1 94. Bc4 e5 95. Kc5 Rg1 96. Ra3 f4 97. gxf4 exf4 98. Kd4 Rh1 99. Ra6+ Kf5 $2 {[%mdl 8192]} (99... Kg7 $14) 100. Be6+ {[%mdl 32768] Precision: White = 39%, Black = 49%. . An unexpected result.} 1/2-1/2

[Event "3rd Kolkata GM Open 2018"]
[Site "Kolkata"]
[Date "2018.05.21"]
[Round "8"]
[White "Khusenkhojaev, Muhammad"]
[Black "Srijit Paul"]
[Result "1-0"]
[WhiteElo "2456"]
[BlackElo "2347"]
[Annotator "TA"]
[PlyCount "131"]
[EventDate "2018.??.??"]
[EventType "swiss"]
[EventCountry "IND"]
[SourceTitle "playchess.com"]
[Source "ChessBase"]
[SourceQuality "1"]

{[%evp 21,131,27,69,22,28,23,34,22,24,12,56,34,59,29,20,32,47,58,56,45,92,91,120,122,129,72,50,53,52,61,74,73,77,51,51,72,169,82,100,92,101,101,97,77,85,89,90,76,93,87,83,85,88,71,62,65,81,81,137,137,164,163,142,132,179,163,226,226,247,227,233,172,243,220,337,337,337,337,332,320,294,287,395,390,425,422,404,406,438,434,434,428,454,438,431,431,424,426,411,402,397,389,505,505,505,505,497,484,484,470,436,434]} 1. Nf3 f5 2. c4 Nf6 3. g3 g6 4. Bg2 Bg7 5. O-O O-O 6. Nc3 d6 7. d4 Nc6 8. d5 Na5 9. Qa4 c5 10. dxc6 Nxc6 11. Rd1 Ne4 {LiveBook: 15 Games. A89: Dutch Defence: Leningrad System: 5 Nf3 0-0 6 0-0 d6 7 Nc3 Nc6} (11... Qb6 12. Qc2 Ng4 13. e3 Nf6 14. Nd4 Bd7 15. b3 Kh8 16. Bb2 Rac8 17. Qe2 Rce8 18. Rac1 Ne5 19. Nd5 Nxd5 20. Bxd5 e6 21. Bg2 Nf7 22. c5 Qa5 23. Bxb7 e5 24. c6 exd4 25. cxd7 Rb8 26. Bc6 {1-0 (26) Bacrot,E (2722)-Mamedov,R (2660) Shamkir 2014}) 12. Ng5 Nc5 13. Qc2 h6 {Threatens to win with ...Nb4.White has an edge.} 14. Nf3 $146 ({Predecessor:} 14. Be3 Qe8 15. Nf3 g5 16. Nd5 Qf7 17. h4 f4 18. Bxc5 dxc5 19. hxg5 fxg3 20. fxg3 hxg5 {½-½ (52) Krzyzanowski,W (2156)-Hrvacic,P (2033) LSS email 2008}) 14... Nb4 15. Qb1 Bd7 16. Be3 Rc8 17. Qc1 Kh7 18. Qd2 Be6 19. b3 Bf7 20. Rab1 a5 21. Nd4 Rb8 22. a3 Nba6 23. b4 (23. h4 $142) 23... axb4 $16 24. axb4 Nd7 25. Bd5 Nc7 26. Bxf7 Rxf7 27. Nd5 Ne5 28. Qa2 Kg8 (28... Ng4 $16) 29. Nf4 (29. Nxc7 $1 $18 {is more deadly.} Qxc7 30. c5) 29... Ra8 {[#]} 30. Qb3 $1 Qd7 {[#]} 31. c5 $1 Qa4 32. Nde6 Qxb3 33. Rxb3 Nxe6 34. Nxe6 Nc4 35. Bf4 g5 36. Rc1 Ra1 37. Rxa1 ({Of course not} 37. Nxg7 $6 Rxc1+ 38. Bxc1 Kxg7 $11) 37... Bxa1 38. Bc1 Rh7 39. Rf3 dxc5 ({Black should play} 39... Bf6) 40. Rxf5 {[%csl Ge6][%cal Rf5f8]} Rf7 41. Rxc5 Nd6 42. Rc7 b5 43. Be3 Be5 (43... Rf6 {was called for.}) 44. Kg2 $18 Ne4 45. Rb7 Nc3 46. Nd4 Bd6 (46... e6 $142 47. Rb6 Bxd4 48. Bxd4 Nxe2) 47. Bd2 Bxb4 (47... e5 {might work better.} 48. Rxf7 (48. Nxb5 Rxb7 49. Nxd6 Rc7 $14) 48... Kxf7 49. Bxc3 exd4 50. Bxd4 Bxb4) 48. Nc6 ({Less strong is} 48. Nxb5 Nxb5 49. Bxb4 Nd4 $18) 48... Bc5 49. Bxc3 Rxf2+ 50. Kh3 Rxe2 51. Rxb5 Bg1 52. Rb2 Re4 53. Ne5 h5 54. Kg2 Bd4 55. Bxd4 Rxd4 {[%mdl 4096] Endgame KRN-KR} 56. Re2 Rd5 57. Nc6 Rc5 58. Nd4 Kf7 59. Nf3 Kf6 60. h4 gxh4 61. Nxh4 e5 62. Nf3 {White is clearly winning.} Kf5 63. Kh3 e4 64. Nd2 Re5 65. Kh4 Re8 {[#]} 66. Rxe4 $1 {[%mdl 512] Precision: White = 76%, Black = 47%.} 1-0

[Event "3rd Kolkata GM Open 2018"]
[Site "Kolkata"]
[Date "2018.05.21"]
[Round "8"]
[White "Neelotpal, Das"]
[Black "Vaishali, R."]
[Result "1-0"]
[WhiteElo "2452"]
[BlackElo "2316"]
[Annotator "TA"]
[PlyCount "63"]
[EventDate "2018.??.??"]
[EventType "swiss"]
[EventCountry "IND"]
[SourceTitle "playchess.com"]
[Source "ChessBase"]
[SourceQuality "1"]

{[%evp 16,63,38,39,32,39,43,35,40,41,41,11,35,22,20,11,11,-27,0,0,0,0,0,0,7,-4,-3,-3,-3,-3,-3,-3,-4,-4,-4,-4,-6,-2,0,0,0,0,16,13,10,10,0,0,390,394]} 1. e4 c5 2. Nf3 d6 3. d4 cxd4 4. Nxd4 Nf6 5. Nc3 Nc6 6. Bg5 g6 7. Bxf6 exf6 8. Bb5 {B60: Sicilian: Richter-Rauzer: Unusual Black 6th moves and 6...Bd7 without 7 Qd2} Bd7 9. O-O {LiveBook: 14 Games} a6 10. Bc4 {White is slightly better.} Bg7 11. Nde2 b5 12. Bb3 b4 13. Na4 $146 (13. Nd5 {keeps more tension.} a5 14. Ne3 a4 15. Bc4 Qb8 16. Rb1) ({Predecessor:} 13. Nd5 O-O 14. a3 f5 15. exf5 Bxf5 16. axb4 Bxb2 {½-½ (26) Adamson,R (2344)-Gurevich,D (2515) Las Vegas 2005}) 13... Qb8 14. Qd5 O-O 15. Rfd1 Ne5 16. Ng3 Bc6 17. Qxd6 Qxd6 18. Rxd6 Bxa4 19. Bxa4 Nc4 20. Rc6 Nxb2 21. Bb3 Rfc8 22. Rxc8+ $1 Rxc8 23. a3 a5 {[%cal Ba6a5,Ba5a4][%mdl 32] [#] And now ...a4 would win.} 24. axb4 a4 25. Bd5 Rxc2 {Strongly threatening ...Bf8.} 26. b5 {[%cal Bb4b5,Bb5b6,Bb6b7][%mdl 32]} Bf8 27. b6 Bc5 28. b7 Bxf2+ 29. Kf1 Ba7 30. Ne2 {[#] aiming for Nd4!} Kg7 $1 31. Nd4 Rd2 $2 {[%mdl 8192]} (31... Bxd4 $11 {and Black stays safe.} 32. b8=Q Rf2+ 33. Ke1 (33. Kg1 $2 Nd3 $19) 33... Nd3+ 34. Kd1 Nb2+ 35. Ke1 Nd3+ 36. Kd1 Nb2+ 37. Ke1) 32. Nc6 {Precision: White = 51%, Black = 67%.} 1-0

[Event "3rd Kolkata GM Open 2018"]
[Site "Kolkata"]
[Date "2018.05.21"]
[Round "8"]
[White "Laxman, R.R"]
[Black "Gupta, Abhijeet"]
[Result "0-1"]
[WhiteElo "2444"]
[BlackElo "2619"]
[Annotator "TA"]
[PlyCount "84"]
[EventDate "2018.??.??"]
[EventType "swiss"]
[EventCountry "IND"]
[SourceTitle "playchess.com"]
[Source "ChessBase"]
[SourceQuality "1"]

{[%evp 17,84,4,17,11,18,16,10,11,11,-16,-2,-60,-60,-62,0,0,53,-62,-59,-52,-47,-47,-47,-103,-47,-51,-51,-51,-51,-50,-50,-58,-50,-51,-46,-64,-64,-79,-68,-89,-95,-117,-112,-121,-127,-204,-128,-214,-214,-242,-242,-242,-243,-342,-342,-335,-332,-394,-394,-469,-469,-468,-461,-461,-461,-461,-461,-454,-469]} 1. Nf3 Nf6 2. d4 g6 3. g3 Bg7 4. Bg2 O-O 5. O-O d5 6. Bf4 c6 7. c3 Bf5 8. Qb3 {D02: 1 d4 d5 2 Nf3 sidelines, including 2...Nf6 3 g3 and 2...Nf6 3 Bf4} (8. Nbd2 Nbd7 9. Qb3 Qb6 10. Ne5 Rfe8 11. h3 Nxe5 12. Bxe5 Bh6 13. g4 Be6 14. e3 Nd7 15. Bg3 f5 16. gxf5 Bxf5 {½-½ (48) Sargissian,G (2672)-Saric,I (2669) Riadh 2017}) 8... Qb6 9. Nbd2 Ne4 {LiveBook: 3 Games} 10. Nxe4 {The position is equal.} Bxe4 11. Bh3 Bxf3 12. exf3 e6 13. Bd6 $146 ({Predecessor:} 13. Rfe1 Nd7 14. Bf1 Rfc8 15. Be3 Bf8 {½-½ (15) Slipak,S (2420)-Supi,L (2384) Buenos Aires 2014}) 13... Rd8 14. Qxb6 (14. Bf4 $11) 14... axb6 $15 15. Bc7 Re8 (15... Rc8 $1 $15 16. Bd6 c5 17. dxc5 bxc5) 16. Bxb6 $11 Nd7 ({Better is} 16... Rc8 $1 $11) 17. Bc5 (17. Bc7 $14) 17... Nxc5 $15 18. dxc5 Ra5 19. f4 Rxc5 20. Rfd1 {[#]} ({White should try} 20. Rfc1 $15) 20... Ra8 (20... d4 $1 $17 {[%mdl 512]} 21. Bg2 (21. cxd4 Rc2) 21... Rb5 22. cxd4 Rxb2) 21. Bf1 Rca5 22. a3 c5 23. Rac1 c4 24. Rc2 Kf8 25. g4 Bh6 26. f5 gxf5 27. gxf5 e5 28. Bg2 Rd8 29. b3 cxb3 30. Rb2 Rxa3 31. c4 (31. f6 $17 {keeps fighting.}) 31... Bg7 {[#]} 32. Rxd5 (32. Be4 $1 $17 {[%mdl 512]}) 32... Rxd5 $19 33. Bxd5 $17 {[%mdl 4096] Endgame [#] KRB-KRB} e4 $1 {[%mdl 512]} 34. Rb1 (34. Bxe4 Bxb2) 34... b2 35. Bxb7 (35. Kg2 $142) 35... Rc3 $19 {Strongly threatening ...Rc1+.} 36. Bxe4 Bf6 ({Resist} 36... Rxc4 37. f3 $19) 37. Kg2 Rxc4 38. f3 Rc1 {Black is clearly winning.} 39. Kg3 Ke7 40. Kg4 Kd6 41. Kh5 Kc5 42. Kh6 Kb4 {Precision: White = 35%, Black = 71%.} 0-1

[Event "3rd Kolkata GM Open 2018"]
[Site "Kolkata"]
[Date "2018.05.21"]
[Round "8"]
[White "Das, Sayantan"]
[Black "Amonatov, Farrukh"]
[Result "1/2-1/2"]
[WhiteElo "2437"]
[BlackElo "2608"]
[Annotator "TA"]
[PlyCount "90"]
[EventDate "2018.??.??"]
[EventType "swiss"]
[EventCountry "IND"]
[SourceTitle "playchess.com"]
[Source "ChessBase"]
[SourceQuality "1"]

{[%evp 20,90,0,0,0,0,0,-37,-45,-38,-25,-25,-20,-45,0,0,0,0,0,0,3,-11,-13,-10,0,-29,0,-14,-19,-18,-19,-23,-28,-23,-9,-35,-28,-29,-18,-19,-16,-60,-14,-15,-32,-40,-35,-31,0,-8,0,0,0,0,0,0,0,0,0,0,0,0,0,0,0,0,0,0,0,0,0,0,0]} 1. e4 c5 2. Nf3 d6 3. d4 cxd4 4. Nxd4 Nf6 5. Nc3 a6 6. Be2 e5 7. Nf3 Be7 8. Bg5 Be6 {B92: Sicilian Najdorf: 6 Be2} 9. Bxf6 Bxf6 10. Nd5 (10. O-O Be7 11. Nd5 Nd7 12. Bc4 Rc8 13. Qe2 Nb6 14. Nxb6 Qxb6 15. Bb3 O-O 16. Rfd1 {1-0 (55) Caruana,F (2794)-Grischuk,A (2785) Saint Louis 2017}) 10... Nd7 11. O-O {LiveBook: 5 Games} Rc8 12. a4 O-O 13. Nd2 $146 ({Predecessor:} 13. a5 Bxd5 14. Qxd5 Rxc2 15. Bc4 b5 16. Bd3 {1-0 (24) Rancic,D (2002)-Zufic,M (2444) Velika Gorica 2013}) 13... Bxd5 14. exd5 Be7 15. a5 f5 16. c4 e4 17. Nb3 Bf6 18. Nd4 Bxd4 19. Qxd4 Qg5 20. f4 exf3 21. Bxf3 Ne5 22. b3 Rce8 {[%cal Bc8e8,Be8e2,Be2e1][%mdl 32]} 23. Kh1 Nxf3 24. Rxf3 Re2 {[%csl Ge2][%cal Rg5g2] [#]} 25. Rf2 Rfe8 26. Rg1 Re1 {...Qc1 is the strong threat.} 27. Qd2 (27. g3 {looks sharper.} R1e3 28. Rgf1 g6 29. Qb6 Qe7 30. Kg1) 27... Qxd2 28. Rxd2 $15 {[%mdl 4096] Endgame KRR-KRR} Kf7 29. Rf2 Kg6 30. Rf3 R1e3 31. Rxe3 Rxe3 $11 {KR-KR} 32. Rb1 f4 33. Kg1 Kf5 34. b4 $1 {The position is equal.} Rd3 35. b5 Rc3 36. bxa6 bxa6 37. Rb6 Ke5 38. Rxa6 Rxc4 39. Ra7 g5 40. Rxh7 g4 41. Rg7 Rc1+ 42. Kf2 Rc2+ 43. Kg1 Rc1+ 44. Kf2 Rc2+ 45. Kg1 Rc1+ {Precision: White = 66%, Black = 63%.} 1/2-1/2

[Event "3rd Kolkata GM Open 2018"]
[Site "Kolkata"]
[Date "2018.05.21"]
[Round "8"]
[White "Kaustuv, Kundu"]
[Black "Vignesh N R"]
[Result "1/2-1/2"]
[WhiteElo "2360"]
[BlackElo "2485"]
[Annotator "TA"]
[PlyCount "68"]
[EventDate "2018.??.??"]
[EventType "swiss"]
[EventCountry "IND"]
[SourceTitle "playchess.com"]
[Source "ChessBase"]
[SourceQuality "1"]

{[%evp 20,68,23,30,47,47,55,53,37,56,43,53,41,37,35,38,48,47,40,38,55,32,27,33,23,24,24,24,24,28,25,22,29,18,40,8,16,0,23,0,16,0,52,26,48,41,36,31,33,16,31]} 1. Nf3 d5 2. g3 Nf6 3. Bg2 c6 4. c4 Bg4 5. Ne5 Be6 6. cxd5 Bxd5 7. Nf3 e5 {A11: English Opening: 1...c6} (7... c5 8. Nc3 Bc6 9. O-O e6 10. Qc2 Be7 11. Rd1 O-O 12. d4 cxd4 13. Nxd4 Bxg2 14. Kxg2 Nbd7 15. Bg5 {½-½ (15) Svidler,P (2765)-Karjakin,S (2760) Riadh 2017}) 8. Nc3 Nbd7 9. O-O Bxf3 10. Bxf3 Bc5 11. Rb1 {LiveBook: 5 Games} a5 12. a3 Qe7 {[#]} 13. b4 $1 {[%mdl 512]} axb4 14. axb4 Bxb4 15. Qb3 Bxc3 16. Qxc3 e4 $146 17. Bg2 Ra7 18. d3 exd3 19. exd3 O-O 20. Re1 Qc5 21. Qxc5 Nxc5 22. Be3 Ra5 $1 23. d4 Ne6 $1 ({But not} 23... Nd3 $2 24. Red1 $18) 24. Rxb7 Nd5 25. Rc1 Rfa8 26. Rbb1 Nd8 27. Bg5 {With the idea Bxd8.} Ne6 28. Be3 Nd8 29. Bg5 {Threatening Bxd8.} Ne6 30. Be3 Rc8 (30... Nd8 $1 $11) 31. Bd2 Raa8 32. Rc4 h6 33. Rbc1 Rd8 34. Be3 Ne7 {Precision: White = 58%, Black = 71%.} 1/2-1/2